Online
Catalog

Todos somos neuróticos / (Record no. 7032)

MARC details
000 -CABECERA
campo de control de longitud fija 00830nam a2200241 a 4500
001 - NÚMERO DE CONTROL
campo de control 000007251
005 - FECHA Y HORA DE LA ÚLTIMA TRANSACCIÓN
campo de control 20260206124607.0
008 - DATOS DE LONGITUD FIJA--INFORMACIÓN GENERAL
campo de control de longitud fija 090907t1982 dr a 001 0 spa d
040 ## - FUENTE DE LA CATALOGACIÓN
Centro catalogador/agencia de origen DO-SdBNP
Lengua de catalogación spa
Centro/agencia transcriptor BNPHU
082 ## - NÚMERO DE LA CLASIFICACIÓN DECIMAL DEWEY
Número de clasificación 616.852
Número de documento/Ítem P349t
100 1# - ENTRADA PRINCIPAL--NOMBRE DE PERSONA
Nombre de persona Peña S., Casimiro de
9 (RLIN) 20125
245 10 - MENCIÓN DE TÍTULO
Título Todos somos neuróticos /
Mención de responsabilidad, etc. Casimiro de Peña S.
260 ## - PUBLICACIÓN, DISTRIBUCIÓN, ETC.
Lugar de publicación, distribución, etc. Santo Domingo :
Nombre del editor, distribuidor, etc. La Orientación,
Fecha de publicación, distribución, etc. 1982.
300 ## - DESCRIPCIÓN FÍSICA
Extensión 235 p. :
Otras características físicas il. ;
Dimensiones 21 cm.
500 ## - NOTA GENERAL
Nota general Incluye datos biográficos del autor en la contracubierta.
500 ## - NOTA GENERAL
Nota general Incluye un minidiccionario de problemas y términos psicológicos.
504 ## - NOTA DE BIBLIOGRAFÍA, ETC.
Nota de bibliografía, etc. Bibliografía : p. 234-235
590 ## - NOTA LOCAL (RLIN)
Nota local Inventariado, 2018/LP
650 #4 - PUNTO DE ACCESO ADICIONAL DE MATERIA--TÉRMINO DE MATERIA
Término de materia o nombre geográfico como elemento de entrada Neurosis
9 (RLIN) 20126
650 #0 - PUNTO DE ACCESO ADICIONAL DE MATERIA--TÉRMINO DE MATERIA
Término de materia o nombre geográfico como elemento de entrada Enfermos mentales
9 (RLIN) 18253
650 #4 - PUNTO DE ACCESO ADICIONAL DE MATERIA--TÉRMINO DE MATERIA
Término de materia o nombre geográfico como elemento de entrada Psicopatología
9 (RLIN) 672
910 ## - DATOS DE OPCIÓN DEL USUARIO (OCLC)
Datos de opción del usuario Validado. Control de calidad. EMS
Holdings
Estado de retiro Estado de pérdida No para préstamo Código de colección Localización permanente Ubicación/localización actual Ubicación en estantería Fecha de adquisición Número de inventario Total de préstamos Signatura topográfica completa Código de barras Fecha visto por última vez Precio válido a partir de Tipo de ítem Koha
    Excluido de préstamo Patrimonio Dominicano Patrimonio Dominicano Patrimonio Dominicano Depósito 07.09.2009 LF1   616.852 P349t 7251-10 25.06.2020 25.06.2020 Libro y Folleto Colección Patrimonio Dominicano

Powered by Koha